Top 20 Countries By Electricity Generation - Statistics

General Stats
  • This quiz has been taken 2,016 times
    55 since last reset
  • The average score is 18 of 20
Answer Stats
TWh/year Answer % Correct
746 Brazil
98%
10,087 China
98%
497 Germany
98%
2030 India
98%
1016 Japan
98%
293 United Kingdom
98%
4391 United States
98%
636 Canada
96%
1209 Russia
96%
568 France
94%
355 Mexico
94%
625 South Korea
92%
289 Spain
90%
281 Australia
88%
372 Indonesia
83%
396 Iran
81%
354 Turkey
81%
455 Saudi Arabia
71%
289 Taiwan
69%
304 Vietnam
65%
No matching quizzes found
Score Distribution
Percent of People with Each Score
Percentile by Number Answered
Your Score History
You have not taken this quiz since the last reset